| 000 | 01394cam a22003374i 4500 | ||
|---|---|---|---|
| 003 | PE-LiUPU | ||
| 005 | 20250731183418.0 | ||
| 008 | 150625s r 000 0 d | ||
| 035 | _a(Sirsi) a34821 | ||
| 040 |
_aPE-LiUPU _bspa _cPE-LiUPU _erda |
||
| 082 | 0 | 4 |
_a780.9 _bAb1 _221 |
| 100 | 1 |
_aAbbiati, Franco, _eautor. |
|
| 245 | 1 | 0 |
_aHistoria de la musica : _bsettecento (siglo XVIII). _n3 / _cFranco Abbiati. |
| 264 | 1 |
_aMéxico : _bUnión Tipográfica Editorial Hispano Americana, _c1959 |
|
| 300 |
_a529 páginas, _c27 centímetros |
||
| 336 |
_atext _2rdacontent |
||
| 337 |
_aunmediated _2rdamedia |
||
| 338 |
_avolume _2rdacarrier |
||
| 505 | 0 | _aLa escuela de napoles. -Reflejo y reacciones ne europa. -Bach y Haendel. -Literatura de los instrumentos de teclado. -Violines y compositores. -La musica para conjuntos instrumentales. | |
| 526 | _aP158 | ||
| 526 | _aP146 | ||
| 526 | _aP17 | ||
| 526 | _aP12 | ||
| 526 | _aP06 | ||
| 650 | 0 | 4 |
_aMúsica _xHistoria. _92273 |
| 942 |
_2ddc _cBOOK |
||
| 949 |
_a780.9 Ab1 3 _wDEWEY _c1 _i04366 _lCCODEBUL1 _mBUL _p00.00 _r0 _sY _tBOOK _u2015-06-25 _xBIBLIOTECA _zUNKNOWN _0COMPRA _o.STAFF. Colección General |
||
| 596 | _a1 | ||
| 999 |
_a780.9 AB1 3 _wDEWEY _c42720 _i04366 _d42720 _f2022-6-6 _g4 _lCCODEBUL1 _mBUL _q1 _r0 _sY _tBOOK _u2015-6-25 _xEDUCACION _zUNKNOWN _0COMPRA _o.STAFF. Colección General |
||
| 980 |
_81 _gALBERTO SANCHEZ Responsable de Automatización |
||